书目信息 |
| 题名: |
难熔及中间合金分析
|
|
| 作者: | 王海舟 主编 | |
| 分册: | 下 | |
| 出版信息: | 北京 科学出版社 2009.04 |
|
| 页数: | 619-1222页 | |
| 开本: | 21cm | |
| 丛书名: | 中国金属学会推荐技术和方法——冶金分析丛书 | |
| 单 册: | ||
| 中图分类: | TG132.3 , TF8 | |
| 科图分类: | ||
| 主题词: | 难熔合金--合金分析 , 中间合金--合金分析 , 难熔合金 , 合金分析 , 中间合金 | |
| 电子资源: | ||
| ISBN: | 978-7-03-023794-1 | |
| 000 | 01293oam2 2200313 450 | |
| 001 | 010700069569 | |
| 005 | 20170418143041.71 | |
| 010 | @a978-7-03-023794-1@dCNY49.00,CNY98.00(全2册) | |
| 100 | @a20090516d2009 em y0chiy0110 ea | |
| 101 | 0 | @achi |
| 102 | @aCN@b110000 | |
| 105 | @aak z 000yy | |
| 106 | @ar | |
| 200 | 1 | @a难熔及中间合金分析@9nan rong ji zhong jian he jin fen xi@h下@f王海舟主编 |
| 210 | @a北京@c科学出版社@d2009.04 | |
| 215 | @a619-1222页@c图@d21cm | |
| 225 | 2 | @a中国金属学会推荐技术和方法——冶金分析丛书@v6 |
| 330 | @a为了满足技术进步和国民经济发展对各类耐火材料全面性能指标测定的要求,本卷依托“全国分析测试体系”的研究成果,汇集了十多种难熔金属及中间合金中多种成分的各种先进、实用的分析技术和方法,形成了由电感耦合等离子体质谱法、电感耦合等离子体发射光谱法、原子吸收光谱法、X射线荧光光谱法、分光光度法、红外线吸收法、热导法、滴定法以及重量法等技术构成的完整的难熔及中间合金分析体系。 | |
| 461 | 0 | @12001 @a中国金属学会推荐技术和方法——冶金分析丛书@v6 |
| 606 | 0 | @a难熔合金@x合金分析 |
| 606 | 0 | @a中间合金@x合金分析 |
| 606 | 0 | @a难熔合金 |
| 606 | 0 | @a合金分析 |
| 606 | 0 | @a中间合金 |
| 690 | @aTG132.3@v5 | |
| 690 | @aTF8@v5 | |
| 701 | 0 | @a王海舟@9wang hai zhou@4主编 |
| 801 | 0 | @aCN@bRENTIAN@c20090516 |
| 905 | @b985019-21@dTG132.3@e67:2@f3 | |
| 难熔及中间合金分析.下/王海舟主编.-北京:科学出版社,2009.04 |
| 619-1222页:图;21cm.-(中国金属学会推荐技术和方法——冶金分析丛书;6) |
| ISBN 978-7-03-023794-1:CNY49.00,CNY98.00(全2册) |
| 为了满足技术进步和国民经济发展对各类耐火材料全面性能指标测定的要求,本卷依托“全国分析测试体系”的研究成果,汇集了十多种难熔金属及中间合金中多种成分的各种先进、实用的分析技术和方法,形成了由电感耦合等离子体质谱法、电感耦合等离子体发射光谱法、原子吸收光谱法、X射线荧光光谱法、分光光度法、红外线吸收法、热导法、滴定法以及重量法等技术构成的完整的难熔及中间合金分析体系。 |
| ● |
| 相关链接 |
|
|
|
|
正题名:难熔及中间合金分析
索取号:TG132.3/67:2
 
预约/预借
| 序号 | 登录号 | 条形码 | 馆藏地/架位号 | 状态 | 备注 |
| 1 | 985019 | 209850197 | 第二样本阅览室/ [索取号:TG132.3/67:2] | 在馆 | |
| 2 | 985020 | 209850204 | 第三借阅区/ [索取号:TG132.3/67:2] | 在馆 | |
| 3 | 985021 | 209850213 | 第三借阅区/ [索取号:TG132.3/67:2] | 在馆 |